| 000 | 00365nam a22001457a 4500 | ||
|---|---|---|---|
| 003 | OSt | ||
| 005 | 20240403121859.0 | ||
| 008 | 240403b |||||||| |||| 00| 0 eng d | ||
| 040 | _cCentral Library MRSPTU | ||
| 100 | _aAnatoly Rakitov | ||
| 245 | _aThe Principles of Philosophy | ||
| 260 |
_aMoscow _bProgress Publishers _c1989 |
||
| 300 | _a365 | ||
| 942 |
_2ddc _cBK _n0 |
||
| 999 |
_c9964 _d9964 |
||